Algebra 2, with trigonometry : (Record no. 11525)

000 -LEADER
fixed length control field 00452nam a2200169 a 4500
020 ## - INTERNATIONAL STANDARD BOOK NUMBER
ISBN 0130221201
040 ## - CATALOGING SOURCE
Transcribing agency DLC
082 00 - DEWEY DECIMAL CLASSIFICATION NUMBER
Classification number 512 PRE 1990 A030 Or.
100 1# - MAIN ENTRY--AUTHOR NAME
Personal name Hall, Bettye C.
245 10 - TITLE STATEMENT
Title Algebra 2, with trigonometry :
Remainder of title solutions manual /
260 ## - PUBLICATION, DISTRIBUTION, ETC. (IMPRINT)
Place of publication Englewood Cliffs, N.J. :
Name of publisher Prentice Hall,
Year of publication c1990.
300 ## - PHYSICAL DESCRIPTION
Number of Pages 645 p. :
Other physical details ill. ;
Dimensions 24 cm.
650 #0 - SUBJECT ADDED ENTRY--TOPICAL TERM
Topical Term Algebra.
650 #0 - SUBJECT ADDED ENTRY--TOPICAL TERM
Topical Term Trigonometry.
700 1# - ADDED ENTRY--PERSONAL NAME
Personal name Fabricant, Mona.
942 ## - ADDED ENTRY ELEMENTS (KOHA)
Koha item type សៀវភៅភាសាអង់គ្លេស
952 ## - LOCATION AND ITEM INFORMATION (KOHA)
Withdrawn status [LOCAL, KOHA] 0
Holdings
Permanent Location Date acquired Koha item type Lost status Shelving location Barcode Current Location Full call number
Library Block A2017-08-03សៀវភៅភាសាអង់គ្លេស A030A12764Library Block A512 PRE 1990 A030 Or.
មជ្ឈមណ្ឌលឯការនៃសាកលវិទ្យាល័យភូមិន្ទកសិកម្មចំការដូង

Powered by Koha